| Tag |
First Indicator |
Second Indicator |
Subfields |
| LEADER |
00000cam a2200000 i 4500 |
| 001 |
in00003597621 |
| 005 |
20210312123234.0 |
| 006 |
m o d f |
| 007 |
cr ||||||||||| |
| 008 |
150609s2013 dcu ob f000 0 eng c |
| 035 |
|
|
|a (OCoLC)ocn910883886
|
| 042 |
|
|
|a pcc
|
| 040 |
|
|
|a GPO
|b eng
|e rda
|e pn
|c GPO
|d GPO
|d MvI
|
| 049 |
|
|
|a WWW
|
| 074 |
|
|
|a 0720-C (online)
|
| 086 |
0 |
|
|a J 36.2:C 86/4
|
| 100 |
1 |
|
|a Holloway, Katy,
|e author.
|
| 245 |
1 |
0 |
|a Does neighborhood watch reduce crime? /
|c Katy Holloway, Trevor Bennett, David P. Farrington.
|
| 250 |
|
|
|a Revised 2013.
|
| 264 |
|
1 |
|a Washington, D.C . :
|b U.S. Department of Justice, Office of Community Oriented Policing Services,
|c 2013.
|
| 300 |
|
|
|a 1 online resource (40 pages).
|
| 336 |
|
|
|a text
|b txt
|2 rdacontent
|
| 337 |
|
|
|a computer
|b c
|2 rdamedia
|
| 338 |
|
|
|a online resource
|b cr
|2 rdacarrier
|
| 490 |
1 |
|
|a Crime prevention research review ;
|v No. 3
|
| 500 |
|
|
|a "The Campbell Collaboration."
|
| 500 |
|
|
|a Title from title screen (viewed June 5, 2015).
|
| 500 |
|
|
|a "First published 2008."--[Page ii].
|
| 504 |
|
|
|a Includes bibliographical references (pages 38-39).
|
| 500 |
|
|
|a "The Campbell Collaboration Crime and Justice Group is an international network of researchers that prepares, updates, and rapidly disseminates . . . research conducted worldwide on . . .methods to reduce crime and delinquency and improve the quality of justice."--[Page 2.]
|
| 650 |
|
0 |
|a Neighborhood watch programs.
|
| 650 |
|
0 |
|a Crime prevention
|x Citizen participation.
|
| 650 |
|
7 |
|a Crime prevention
|x Citizen participation.
|2 fast
|0 (OCoLC)fst00883056
|
| 650 |
|
7 |
|a Neighborhood watch programs.
|2 fast
|0 (OCoLC)fst01035629
|
| 700 |
1 |
|
|a Bennett, Trevor,
|e author.
|
| 700 |
1 |
|
|a Farrington, David P.,
|e author.
|
| 710 |
2 |
|
|a Campbell Collaboration.
|
| 710 |
2 |
|
|a Campbell Crime and Justice Coordinating Group.
|
| 710 |
1 |
|
|a United States.
|b Department of Justice.
|b Office of Community Oriented Policing Services,
|e issuing body.
|
| 830 |
|
0 |
|a Crime prevention research reviews ;
|v no. 3.
|
| 856 |
4 |
0 |
|u https://purl.fdlp.gov/GPO/gpo58129
|t 0
|
| 856 |
4 |
0 |
|u http://purl.fdlp.gov/GPO/gpo58129
|t 0
|
| 999 |
f |
f |
|s fb5ba493-8422-3cc2-9360-14c1ce14b367
|i b6104cef-7404-3be5-bcf8-cd8074501c48
|t 0
|
| 952 |
f |
f |
|a Texas A&M University
|b College Station
|c Electronic Resources
|d Available Online
|t 0
|e J 36.2:C 86/4
|h Superintendent of Documents classification
|
| 998 |
f |
f |
|a J 36.2:C 86/4
|t 0
|l Available Online
|